LEADER 00971nam0 22002771i 450 001 RML0264750 005 20231121125721.0 010 $a1853343099 100 $a20121121d1995 ||||0itac50 ba 101 | $aeng 102 $agb 181 1$6z01$ai $bxxxe 182 1$6z01$an 200 1 $aCombined heat and power$elessons from the Japanese experience of cogeneration$fJITEX 210 $aLondon $cFinancial Times Energy Publishing $d1995 215 $ax, 109 p.$cill.$d29 cm. 676 $a621.199$9$v21 710 02$aJITEX$3RMLV169939$01444411 801 3$aIT$bIT-01$c20121121 850 $aIT-FR0099 899 $aBiblioteca Area Ingegneristica$bFR0099 912 $aRML0264750 950 0$aBiblioteca Area Ingegneristica$d 54DII 621.1 COM/2$e 54VM 0000350195 VM barcode:BAIN002439. - Inventario:3543DVM$fA $h20030911$i20121204 977 $a 54 996 $aCombined heat and power$93624427 997 $aUNICAS LEADER 01095nam0 22002771i 450 001 UON00425936 005 20231205104847.197 100 $a20130604f1949 |0itac50 ba 101 $afre 102 $aFR 105 $a|||| 1|||| 200 1 $aPascal$fHenri Lefebvre 210 $aParis$cEditions Nagel$d1949 215 $a2v.$d19 cm. 410 1$1001UON00280285$12001 $aCollection Pensées$1210 $aParis$cLes Éditions Nagel. 606 $aPascal Blaise$3UONC044921$2FI 620 $aFR$dParis$3UONL002984 676 $a844$cLetteratura francese. Saggi$v21 700 1$aLefebvre$bHenri$3UONV103391$032295 712 $aNagel$3UONV248795$4650 801 $aIT$bSOL$c20250523$gRICA 912 $aUON00425936 950 $aSIBA - SISTEMA BIBLIOTECARIO DI ATENEO$dSI III B PAS LEF 2 $eSI SFR2840/2 5 2 $sBuono 950 $aSIBA - SISTEMA BIBLIOTECARIO DI ATENEO$dSI III B PAS LEF 1 $eSI SFR2840 5 1 $sBuono 996 $aPascal$9947037 997 $aUNIOR